[Event "Moscow ol (Women)"]
[Site "Moscow"]
[Date "1994.??.??"]
[Round "3"]
[White "Arribas, Maritza"]
[Black "Sabirova, Sophia"]
[Result "1-0"]
[WhiteElo "2200"]
[BlackElo "2090"]

1.e4 c5 2.Nf3 Nc6 3.Bb5 g6 4.O-O Bg7 5.Re1 Nf6 6.Nc3 O-O 7.e5 Ne8 8.d3 Nc7
9.Bxc6 dxc6 10.Ne4 b6 11.h3 Ne6 12.a4 Qc7 13.a5 Bb7 14.Be3 Bxe5 15.Nxe5 Qxe5
16.Bh6 Ng7 17.Ng5 Qd6 18.Qf3 Rae8 19.Ra4 e5 20.Ne4 Qe6 21.Nf6+ Kh8 22.Nxe8 Rxe8
23.Rxe5 Qxe5 24.Re4 Nf5 25.Rxe5 Rxe5 26.Bg5 Kg7 27.g4 h6 28.gxf5 Rxf5 29.Bf4 g5
30.Qe4 Rxf4 31.Qe5+ Kg6 32.Qc7 Ba6 33.Qxa7 Bc8 34.Qxb6 Bxh3 35.Qxc6+ Kh5
36.f3 f6 37.a6 g4 38.a7 gxf3 39.Kf2 Rg4 40.Qxf3  1-0

[Event "Moscow ol (Women)"]
[Site "Moscow"]
[Date "1994.??.??"]
[Round "3"]
[White "Sheremetieva, Marina"]
[Black "Strutinskaya, Galina N"]
[Result "0-1"]
[WhiteElo "2285"]
[BlackElo "2235"]

1.e4 c5 2.Nf3 Nc6 3.Bb5 e6 4.O-O Nge7 5.b3 d6 6.Bb2 e5 7.c3 a6 8.Bc4 Ng6
9.d4 Be7 10.Bd5 Qc7 11.Nbd2 Bd7 12.Nc4 O-O 13.Ne3 b5 14.g3 Bh3 15.Re1 Rab8
16.Nf5 Bf6 17.dxc5 dxc5 18.Qe2 Nge7 19.Ne3 Bd7 20.h4 g6 21.h5 Qc8 22.hxg6 hxg6
23.Nh2 Bg7 24.Qf3 Nxd5 25.exd5 Nd8 26.Neg4 f6 27.Rad1 Rb6 28.Ne3 Nf7 29.Nhf1 f5
30.d6 Bc6 31.Nd5 Bxd5 32.Rxd5 Rxd6 33.Rxd6 Nxd6 34.Qd5+ Nf7 35.Ba3 Rd8 36.Qxc5 Qa8
37.Bc1 e4 38.Bf4 Rd5 39.Qb6 g5 40.c4 Rd3 41.Bc7 bxc4 42.bxc4 Qc8 43.Qb8 Qxb8
44.Bxb8 Be5 45.Rb1 f4 46.gxf4 gxf4 47.Nh2 Rd8 48.Bxe5 Nxe5 49.c5 Kf7 50.Rb4 Rd1+
51.Kg2 f3+ 52.Kh3 Nd3 53.Rb7+ Ke6 54.c6 Nxf2+ 55.Kg3 Nd3 56.Rh7 Rg1+ 57.Kh4 Kd6
58.c7 Rc1 59.Rh6+ Kxc7 60.Rxa6 f2 61.Ra7+ Kb6 62.Re7 Rh1  0-1

[Event "Moscow op"]
[Site "Moscow"]
[Date "1994.??.??"]
[Round "4"]
[White "Vlassov, Nikolai"]
[Black "Iskusnyh, Sergei"]
[Result "1/2-1/2"]
[WhiteElo "2390"]
[BlackElo "2425"]

1.e4 c5 2.Nf3 Nc6 3.Bb5 g6 4.O-O Bg7 5.Re1 Nf6 6.c3 O-O 7.e5 Nd5 8.d4 cxd4
9.cxd4 Qa5 10.Bc4 Nc7 11.d5 Nb4 12.Nc3 b5 13.Bb3 d6 14.Bg5 Re8 15.Bxe7 Rxe7
16.exd6 Rxe1+ 17.Qxe1 Bf5 18.dxc7 Qxc7 19.Nxb5 Qc5 20.Nc3 Nd3 21.Qe2 Nxb2
22.Qxb2 Bxc3 23.Rc1 Rc8 24.Qe2 a5 25.Qe3 Qxe3 26.fxe3 Kf8 27.Kf2 Ke7 28.Rd1 Kd6
29.Ng5 f6 30.Ne6 Be4 31.Nf4 Be5 32.g3 Rc5 33.Nd3 Bxd3 34.Rxd3 Rc1 35.Rd2 f5
36.Re2 Rh1 37.Kg2 Rb1 38.Kh3 Rb2 39.Rxb2 Bxb2 40.Kg2 Ke5 41.d6 Kxd6 42.Bg8 Ke7
43.Bd5  1/2-1/2

[Event "Moscow ol (Men)"]
[Site "Moscow"]
[Date "1994.??.??"]
[Round "4"]
[White "Sarwat, Walaa"]
[Black "Mossong, Hubert"]
[Result "1-0"]
[WhiteElo "2305"]
[BlackElo "2275"]

1.e4 c5 2.Nf3 Nc6 3.Bb5 g6 4.O-O Bg7 5.Re1 e5 6.Na3 Nge7 7.c3 O-O 8.Nc2 d6
9.h3 a6 10.Bxc6 Nxc6 11.d4 Qe7 12.dxc5 dxc5 13.Ne3 Be6 14.Nd5 Bxd5 15.exd5 Rfd8
16.Qb3 Na5 17.Qa4 Qc7 18.Rd1 b5 19.Qh4 f6 20.Nh2 Nc4 21.Ng4 Qe7 22.a4 Nd6
23.Ne3 c4 24.b3 e4 25.bxc4 Nxc4 26.Nxc4 bxc4 27.Rb1 Qe5 28.Bh6 Rd7 29.Bxg7 Kxg7
30.Rb6 Re8 31.Rd4 Ree7 32.a5 e3 33.fxe3 Qxe3+ 34.Qf2 Qc1+ 35.Kh2 f5 36.Qh4 Rf7
37.Qg3 Rde7 38.Re6 f4  1-0

[Event "Moscow ol (Women)"]
[Site "Moscow"]
[Date "1994.??.??"]
[Round "4"]
[White "Segal, Anna"]
[Black "Licina, Anita"]
[Result "1/2-1/2"]
[WhiteElo "2220"]
[BlackElo "2195"]

1.e4 c5 2.Nf3 Nc6 3.Bb5 Nf6 4.Nc3 g6 5.Bxc6 dxc6 6.d3 Bg7 7.h3 O-O 8.Be3 b6
9.a4 Ne8 10.a5 Nc7 11.O-O Bd7 12.Qd2 Ne6 13.axb6 axb6 14.Rxa8 Qxa8 15.Ne2 Qa2
16.c3 Ra8 17.Nc1 Qa4 18.Nh2 Nc7 19.Ne2 e5 20.f4 f5 21.exf5 Bxf5 22.fxe5 Rd8
23.d4 cxd4 24.cxd4 Bxe5 25.Nf3 Bg7 26.Ng3 Be6 27.Qf2 Be5 28.dxe5 Qb5  1/2-1/2

[Event "Moscow ol (Women)"]
[Site "Moscow"]
[Date "1994.??.??"]
[Round "5"]
[White "Makropoulou, Marina"]
[Black "Shumiakina, Tatiana"]
[Result "1/2-1/2"]
[WhiteElo "2280"]
[BlackElo "2330"]

1.e4 c5 2.Nf3 Nc6 3.Bb5 e6 4.O-O Nge7 5.b3 a6 6.Bxc6 Nxc6 7.Bb2 b5 8.Re1 Bb7
9.Nc3 Be7 10.a4 bxa4 11.Nxa4 O-O 12.d3 Rc8 13.Qd2 d6 14.Bc3 e5 15.Nb2 f5
16.Nc4 Qe8 17.Nb6 Rb8 18.Nd5 Bd8 19.Qe2 Nd4 20.Bxd4 cxd4 21.Nd2 Qg6 22.Nc4 Bh4
23.Rf1 Rf7 24.Na5 Ba8 25.Nc4 Bb7 26.Na5 Ba8 27.Nc4 Bb7  1/2-1/2

[Event "Moscow2"]
[Site "Moscow"]
[Date "1994.??.??"]
[Round "5"]
[White "Matros, Alexander"]
[Black "Kazhgaleyev, Murtas"]
[Result "0-1"]
[WhiteElo "2400"]
[BlackElo "2335"]

1.e4 c5 2.Nf3 Nc6 3.Bb5 g6 4.Bxc6 bxc6 5.O-O Bg7 6.Re1 f6 7.e5 fxe5 8.Nxe5 Qc7
9.d4 cxd4 10.Bf4 d6 11.Nc4 Kf7 12.Nbd2 Nf6 13.Nf3 Rd8 14.Ng5+ Kg8 15.Ne6 Bxe6
16.Rxe6 Nd5 17.Bg5 Qd7 18.Re4 Qf5 19.Qg4 Rf8 20.Qxf5 gxf5 21.Re6 Bf6 22.Bd2 Kf7
23.Rae1 Rg8 24.b3 Rg6 25.g3 h5 26.Nb2 f4 27.Nd3 fxg3 28.hxg3 Rag8 29.Nf4 Nxf4
30.Bxf4 h4 31.Kg2 hxg3 32.fxg3 Bg5 33.Rxg6 Rxg6 34.Re4 e5 35.Bxg5 Rxg5 36.Rh4 Rf5
37.Rh7+ Ke6 38.Rxa7 e4 39.Ra4 c5 40.Ra8 d3 41.cxd3 exd3 42.Rh8 d5 43.g4 Rf4
44.Kg3 Rd4 45.Rh1 d2 46.Rd1 c4  0-1

[Event "Moscow ol (Women)"]
[Site "Moscow"]
[Date "1994.??.??"]
[Round "5"]
[White "Voronova, Tatiana"]
[Black "Hernandez, Tania"]
[Result "1/2-1/2"]
[WhiteElo "2230"]
[BlackElo "2200"]

1.e4 c5 2.Nf3 Nc6 3.Bb5 g6 4.Bxc6 bxc6 5.O-O Bg7 6.Re1 f6 7.c3 Nh6 8.d4 cxd4
9.cxd4 Nf7 10.d5 cxd5 11.Qxd5 Rb8 12.Nc3 O-O 13.Qc5 Rb7 14.Re2 d6 15.Qd5 e6
16.Qd1 Bd7 17.Be3 Qb8 18.Rc1 a5 19.b3 Rc8 20.Rec2 Rbc7 21.Qd3 f5 22.exf5 gxf5
23.h4 Ne5 24.Nxe5 Bxe5 25.f4 Bf6 26.Bf2 Kf8 27.Ne2 Bb5 28.Qd2 Rxc2 29.Rxc2 Rxc2
30.Qxc2 Bxe2 31.Qxe2 Qc8 32.Qd2  1/2-1/2

[Event "Moscow op"]
[Site "Moscow"]
[Date "1994.??.??"]
[Round "6"]
[White "Lebedev, Vasili"]
[Black "Fominyh, Alexander"]
[Result "0-1"]
[WhiteElo "2255"]
[BlackElo "2515"]

1.e4 c5 2.Nf3 Nc6 3.Bb5 Na5 4.O-O a6 5.Be2 e6 6.c4 Qc7 7.Nc3 Ne7 8.b3 Nec6
9.d4 cxd4 10.Nxd4 Bd6 11.Nf3 Ne5 12.Nd4 Nec6 13.Nf3 Ne5 14.Nd4 Ng6 15.g3 Be7
16.Bb2 O-O 17.Rc1 Nc6 18.Bf3 Qa5 19.Bg2 Rb8 20.a3 d6 21.b4 Qd8 22.Nce2 Nce5
23.Nb3 b6 24.Qd4 Bf6 25.Qd2 Qc7 26.Qc2 Nd3 27.Bxf6 Nxc1 28.Bxg7 Nxe2+  0-1

[Event "Moscow ol (Men)"]
[Site "Moscow"]
[Date "1994.??.??"]
[Round "6"]
[White "Rozentalis, Eduardas"]
[Black "Timman, Jan H"]
[Result "1/2-1/2"]
[WhiteElo "2595"]
[BlackElo "2635"]

1.e4 c5 2.Nf3 Nc6 3.Bb5 g6 4.O-O Bg7 5.c3 Nf6 6.Re1 O-O 7.d4 cxd4 8.cxd4 a6
9.Bxc6 dxc6 10.h3 c5 11.d5 e6 12.d6 e5 13.Nc3 Re8 14.Be3 b6 15.Qd3 Ra7 16.b4 c4
17.Qxc4 Qxd6 18.Red1 Rc7 19.Qb3 Qe6 20.Nd5 Nxd5 21.exd5 Qd6 22.Nd2 e4 23.Nc4 Rxc4
24.Qxc4 Bxa1 25.Rxa1 Bb7 26.Rd1 Rd8 27.a4 f6 28.Qxe4 Bxd5 29.Qd4 Rd7 30.b5 axb5
31.axb5 Kg7 32.Rd2 Qe6 33.h4 Qf5 34.f3  1/2-1/2

[Event "Moscow2"]
[Site "Moscow"]
[Date "1994.??.??"]
[Round "7"]
[White "Matros, Alexander"]
[Black "Gagarin, Vasilij"]
[Result "0-1"]
[WhiteElo "2400"]
[BlackElo "2425"]

1.e4 c5 2.Nf3 Nc6 3.Bb5 g6 4.Bxc6 dxc6 5.h3 Bg7 6.d3 e5 7.Bg5 Qc7 8.O-O Nf6
9.a4 O-O 10.a5 h6 11.Bh4 Nh5 12.Nc3 Be6 13.Nd2 f6 14.f3 b6 15.Na4 Nf4 16.Bf2 Rab8
17.Be3 Bf7 18.Qe1 Ne6 19.Kh1 Rfe8 20.Qf2 f5 21.exf5 gxf5 22.Qh4 Qe7 23.Qxe7 Rxe7
24.axb6 axb6 25.Nc3 Nd4 26.Rfc1 Kh7 27.Ra6 b5 28.Nd1 Be8 29.c3 Ne6 30.Nb3 c4
31.dxc4 b4 32.cxb4 Rxb4 33.Nc5 Nd4 34.Rc3 e4 35.f4 Bh5 36.Rc1 Ne2 37.Rca1 Rxc4
38.Rxc6 Nd4 39.Rc8 Nc2 40.Raa8 Bxd1  0-1

[Event "Moscow ol (Men)"]
[Site "Moscow"]
[Date "1994.??.??"]
[Round "7"]
[White "Ahmed, Esam Aly"]
[Black "Roselli Mailhe, Bernardo"]
[Result "1-0"]
[WhiteElo "2400"]
[BlackElo "2425"]

1.e4 c5 2.Nf3 Nc6 3.Bb5 g6 4.O-O Bg7 5.Re1 e5 6.c3 Nge7 7.d4 cxd4 8.cxd4 exd4
9.Bg5 O-O 10.Qd2 Qc7 11.Na3 a6 12.Bc4 d6 13.Bh6 Ne5 14.Bxg7 Kxg7 15.Nxd4 Nxc4
16.Qc3 Kg8 17.Qxc4 Qb6 18.Re3 Qxb2 19.Rb1 Qd2 20.Nb3 Qxa2 21.Qc3 Qxa3 22.Ra1 Qxa1+
23.Qxa1 Nc6 24.Qf6 Be6 25.f4 Rfe8 26.Nd2 d5 27.h4 Bf5 28.Rg3 Bxe4 29.f5 Ne5
30.Nxe4 dxe4 31.h5 Nd3 32.Qd4 Ne5 33.Qxe4 Rac8 34.hxg6 fxg6 35.Qxb7 Rc6 36.Rg5 Rc1+
37.Kh2 Nf7 38.Rg4 Rf1 39.fxg6 hxg6 40.Qxa6 Rc1 41.Qxg6+ Kf8 42.Rf4 Re7 43.Qh7  1-0

[Event "Moscow ol (Men)"]
[Site "Moscow"]
[Date "1994.??.??"]
[Round "7"]
[White "Kuczynski, Robert"]
[Black "Hracek, Zbynek"]
[Result "1/2-1/2"]
[WhiteElo "2515"]
[BlackElo "2530"]

1.e4 c5 2.Nf3 Nc6 3.Bb5 d6 4.O-O Bd7 5.Re1 Nf6 6.h3 Ne5 7.a4 g6 8.Nxe5 dxe5
9.d3 Bg7 10.Be3 b6 11.Nc3 a6 12.Bxd7+ Nxd7 13.Qd2 O-O 14.Rab1 e6 15.b3 Qc7
16.Nd1 Rfc8 17.Nb2 Bf8 18.Nc4 b5 19.Nb2 Nb8 20.Ra1 Nc6 21.f3 Nd4 22.Ra2 Qb7  1/2-1/2

[Event "Moscow ol (Men)"]
[Site "Moscow"]
[Date "1994.??.??"]
[Round "7"]
[White "Safarzadeh, Esmail"]
[Black "Espinoza Flores, Rafael"]
[Result "1/2-1/2"]
[WhiteElo "2315"]
[BlackElo "2410"]

1.e4 c5 2.Nf3 Nc6 3.Bb5 g6 4.O-O Bg7 5.c3 Nf6 6.Re1 O-O 7.e5 Nd5 8.d4 Nc7
9.a4 cxd4 10.cxd4 d6 11.Bxc6 bxc6 12.Nc3 Bg4 13.h3 Bxf3 14.Qxf3 Ne6 15.Be3 d5
16.h4 f6 17.exf6 Bxf6 18.Qg4 Ng7 19.Ne2 Nf5 20.Nf4  1/2-1/2

[Event "Moscow ol (Women)"]
[Site "Moscow"]
[Date "1994.??.??"]
[Round "7"]
[White "Uskova, Fliura"]
[Black "Tsifanskaya, Ludmila A"]
[Result "1-0"]
[WhiteElo "2250"]
[BlackElo "2230"]

1.e4 c5 2.Nf3 Nc6 3.Bb5 g6 4.O-O Bg7 5.c3 Nf6 6.Re1 O-O 7.h3 Re8 8.d4 d5
9.exd5 Qxd5 10.c4 Qd6 11.d5 Rd8 12.Nc3 Nd4 13.Nxd4 cxd4 14.Qxd4 Ng4 15.Qf4 Be5
16.Qf3 Bxc3 17.bxc3 Qh2+ 18.Kf1 Ne5 19.Qg3 Qxg3 20.fxg3 f6 21.Bf4 a6 22.Ba4 Nxc4
23.Rxe7 g5 24.Bc7 Rxd5 25.Re8+ Kf7 26.Rae1 Ne5 27.Bxe5 Rxe5 28.R1xe5 fxe5
29.Bd7 Bxd7 30.Rxa8 Bc6 31.Kf2 g4 32.h4 Kf6 33.Rf8+ Kg6 34.Rg8+ Kf5 35.Ke3 h6
36.Rf8+ Kg6 37.Rf2 Bd5 38.Kd3 b5 39.Ke3 a5 40.a3 Bc6 41.Rd2 Kf5 42.Rd6  1-0

[Event "Moscow ol (Men)"]
[Site "Moscow"]
[Date "1994.??.??"]
[Round "8"]
[White "Fadi, Eid"]
[Black "Weemaes, Ronald"]
[Result "0-1"]
[WhiteElo "2180"]
[BlackElo "2330"]

1.e4 c5 2.Nf3 Nc6 3.Bb5 g6 4.O-O Bg7 5.Re1 Nf6 6.e5 Nd5 7.Nc3 Nc7 8.Bxc6 dxc6
9.d3 O-O 10.Ne4 Ne6 11.Be3 b6 12.Neg5 h6 13.Nxe6 Bxe6 14.h3 Kh7 15.Qe2 Qc7
16.Bf4 Rfd8 17.Bg3 Qb7 18.Qe3 Rd7 19.a3 Rad8 20.b4 c4 21.Red1 Bf5 22.Nh4 cxd3
23.Nxf5 dxc2 24.Rdc1 Rd1+ 25.Kh2 Qa6 26.Bf4 Qf1 27.Qe4 Qxf2 28.Nxg7 Qg1+
29.Kg3 R8d3+ 30.Kg4 Rd4 31.Qxc2 Qe3 32.g3 R1d3 33.Qg2 Kxg7 34.Re1 h5+  0-1

[Event "Moscow ol (Men)"]
[Site "Moscow"]
[Date "1994.??.??"]
[Round "8"]
[White "Michel Yunis, Christian D"]
[Black "Lhagvasuren, Cedendemberel"]
[Result "1/2-1/2"]
[WhiteElo "2360"]
[BlackElo "2300"]

1.e4 c5 2.Nf3 Nc6 3.Bb5 g6 4.O-O Bg7 5.c3 Nf6 6.Qe2 O-O 7.d4 cxd4 8.cxd4 d5
9.e5 Ne4 10.Nc3 Bg4 11.Rd1 Nxc3 12.bxc3 Rc8 13.h3 Bd7 14.c4 a6 15.Bxc6 Bxc6
16.c5 Ba4 17.Re1 Bb5 18.Qe3 Qd7 19.Qg5 f6 20.Qh4 Qf5 21.exf6 exf6 22.Re7 Rf7
23.Rxf7 Kxf7 24.Bh6 Re8 25.Bxg7 Kxg7 26.Qg3 Re7 27.Kh2 Qc2 28.Re1 Rxe1 29.Nxe1 Qxa2
30.Qc7+ Kh6 31.Qf4+ Kg7 32.Qc7+ Kh6 33.Qf4+  1/2-1/2

[Event "Moscow ol (Women)"]
[Site "Moscow"]
[Date "1994.??.??"]
[Round "8"]
[White "Fomina, Tatyana"]
[Black "Gaponenko, Inna"]
[Result "0-1"]
[WhiteElo "2260"]
[BlackElo "2315"]

1.e4 c5 2.Nf3 Nc6 3.Bb5 Na5 4.d4 a6 5.Be2 cxd4 6.O-O b5 7.a4 b4 8.Nxd4 Bb7
9.Qd3 Rc8 10.b3 Qc7 11.Bd1 Nf6 12.Re1 e6 13.Bb2 Be7 14.c4 bxc3 15.Nxc3 Bb4
16.Rc1 Qb8 17.Re3 h5 18.h3 h4 19.g4 hxg3 20.Rxg3 Kf8 21.Qe3 Bd6 22.e5 Bxe5
23.Ba3+ Ke8 24.Rxg7 Bf4 25.Qd3 Qe5 26.Be2 Nd5 27.Ne4 Qxg7+ 28.Bg4 Rxc1+ 29.Bxc1 f5
30.Bxf4 Nxf4 31.Nd6+ Kf8 32.Kf1 Nxd3  0-1

[Event "Moscow ol (Men)"]
[Site "Moscow"]
[Date "1994.??.??"]
[Round "8"]
[White "Fernandes, Antonio"]
[Black "Carless, David"]
[Result "1-0"]
[WhiteElo "2425"]
[BlackElo "2265"]

1.e4 c5 2.Nf3 Nc6 3.Bb5 e5 4.c3 Nge7 5.d4 cxd4 6.cxd4 Nxd4 7.Nxd4 exd4 8.Qxd4 Nc6
9.Qd5 Be7 10.O-O O-O 11.Nc3 a6 12.Ba4 d6 13.Bf4 Be6 14.Qd2 Ne5 15.Nd5 b5
16.Bb3 Re8 17.Rac1 Ra7 18.Nb4 Qa5 19.Rfd1 Raa8 20.Bd5 Nc4 21.Rxc4 bxc4 22.Bxa8 Rxa8
23.Bxd6 Bg5 24.f4 c3 25.bxc3 Bd8 26.Nd5 Bb6+ 27.Kh1 Ba7 28.Bb4 Qd8 29.Ne7+  1-0

[Event "Moscow ol (Men)"]
[Site "Moscow"]
[Date "1994.??.??"]
[Round "9"]
[White "El Taher, Fouad"]
[Black "Skembris, Spyridon"]
[Result "1/2-1/2"]
[WhiteElo "2420"]
[BlackElo "2525"]

1.e4 c5 2.Nf3 Nc6 3.Bb5 g6 4.O-O Bg7 5.Re1 Nf6 6.c3 O-O 7.d4 cxd4 8.cxd4 d5
9.e5 Ne4 10.Nc3 Nxc3 11.bxc3 Qa5 12.Qa4 Qxa4 13.Bxa4 Bd7 14.Rb1  1/2-1/2

[Event "Moscow ol (Men)"]
[Site "Moscow"]
[Date "1994.??.??"]
[Round "9"]
[White "Ahmed, Esam Aly"]
[Black "Nikolaidis, Ioannis"]
[Result "0-1"]
[WhiteElo "2400"]
[BlackElo "2460"]

1.e4 c5 2.Nf3 Nc6 3.Bb5 g6 4.O-O Bg7 5.Re1 Nf6 6.Nc3 O-O 7.e5 Ne8 8.Bxc6 dxc6
9.Ne4 b6 10.d4 cxd4 11.Qxd4 Bg4 12.Neg5 Qxd4 13.Nxd4 Rc8 14.a4 c5 15.Nb5 a6
16.Nc3 Nc7 17.Bf4 Bf5 18.Re2 Rfd8 19.Bg3 h6 20.Nge4 Ne6 21.f4 h5 22.Bh4 Nxf4
23.Rf2 Nd5 24.Nd6 Rxd6 25.exd6 Nxc3 26.Bxe7 Nd5 27.Rd1 Nxe7 28.dxe7 Bf6 29.Re2 Be6
30.Rd6 Bxe7 31.Rxb6 Bf6 32.Kf2 a5 33.Ke1 Kg7 34.Rb7 Bg4 35.Rd2 Re8+ 36.Kf1 Re4
37.Rb5 Rxa4 38.Rxc5 Bd4 39.Rxa5 Rxa5 40.Rxd4 Ra1+ 41.Kf2 Rd1 42.Rxd1 Bxd1
43.c3 Bb3 44.Ke3 Kf6 45.Kd4 Ke6 46.c4 f5 47.Kc3 Bd1 48.b4 f4 49.b5 Be2 50.Kd4 Bf1
51.g3 f3 52.b6 Kd7 53.c5 Ba6 54.Ke3 Bb7 55.h4 Kc8  0-1

[Event "Moscow ol (Men)"]
[Site "Moscow"]
[Date "1994.??.??"]
[Round "9"]
[White "Safarzadeh, Esmail"]
[Black "Yahya, H Al"]
[Result "1-0"]
[WhiteElo "2315"]
[BlackElo "2150"]

1.e4 c5 2.Nf3 Nc6 3.Bb5 g6 4.O-O Bg7 5.c3 e5 6.b4 cxb4 7.d4 exd4 8.cxd4 Nge7
9.Bg5 Qb6 10.Qe2 Nxd4 11.Nxd4 Qxd4 12.Nd2 Qc5 13.e5 Nd5 14.Ne4 Qd4 15.Rad1 Nc3
16.Rxd4 Nxe2+ 17.Bxe2 Bxe5 18.Nd6+ Kf8 19.Re4 h6 20.Bxh6+ Rxh6 21.Rxe5 Rh8
22.Re8+ Kg7 23.Rxh8 Kxh8 24.Rc1  1-0

[Event "Moscow ol (Men)"]
[Site "Moscow"]
[Date "1994.??.??"]
[Round "10"]
[White "Soylu, Suat"]
[Black "Mohandesi, Shahin"]
[Result "0-1"]
[WhiteElo "2375"]
[BlackElo "2320"]

1.e4 c5 2.Nf3 Nc6 3.Bb5 g6 4.Bxc6 dxc6 5.h3 Bg7 6.d3 Nf6 7.Nc3 O-O 8.Be3 b6
9.Qd2 Ne8 10.O-O-O e5 11.Bh6 Qe7 12.h4 f6 13.Be3 Bg4 14.Rdg1 Rf7 15.Nh2 Be6
16.f4 exf4 17.Bxf4 Rd8 18.g4 c4 19.Rg3 b5 20.d4 b4 21.Na4 Nd6 22.Qxb4 Nxe4
23.Qxe7 Rxe7 24.Re3 f5 25.gxf5 gxf5 26.c3 Bf6 27.Nf3 Rg7 28.Be5 Rf8 29.Rhe1 Bd5
30.Bxf6 Rxf6 31.Nc5 Rg2 32.Nd7 Rfg6 33.Nde5 R6g3 34.R3e2 Rxe2 35.Rxe2 Nxc3
36.bxc3 Bxf3 37.Rf2 Be4 38.Kb2 Kg7 39.Nxc4 Rg2 40.Rxg2+ Bxg2 41.Kc1 Kg6 42.Kd2 f4
43.Ke2 Kh5 44.Nd2 Kxh4 45.Kf2 Bh1 46.c4 Kg4 47.Kg1 Bf3 48.Kf2 Bd1 49.Ne4 Kf5
50.Nc3 Bh5 51.a4 Bf7 52.d5 cxd5 53.cxd5 Ke5 54.d6 Be8 55.Kf3 Bc6+ 56.Kg4 f3
57.d7 Bxd7+ 58.Kxf3 Kd4 59.Ne2+ Kc4 60.a5 Kb5 61.Ke4 Kxa5 62.Kd4 Kb4 63.Nf4 Bc6
64.Nd3+ Kb5 65.Nf4 a5 66.Kc3 Bf3 67.Ne6 Bg4 68.Nf4 Kc5 69.Ng2 Kd6 70.Kc4 Bf3
71.Nh4 Be4 72.Kd4 a4 73.Kxe4 a3 74.Nf5+ Kc5 75.Kd3 a2 76.Nd4 Kb4 77.Kc2 Ka3  0-1

[Event "Moscow ol (Men)"]
[Site "Moscow"]
[Date "1994.??.??"]
[Round "11"]
[White "Odeev, Handszar"]
[Black "Babula, Vlastimil"]
[Result "0-1"]
[WhiteElo "2405"]
[BlackElo "2515"]

1.e4 c5 2.Nf3 Nc6 3.Bb5 d6 4.Bxc6+ bxc6 5.O-O e5 6.c3 Bg4 7.h3 Bh5 8.d4 cxd4
9.cxd4 Bxf3 10.Qxf3 exd4 11.Rd1 c5 12.e5 Rc8 13.Bf4 d5 14.b4 Ne7 15.bxc5 Ng6
16.Rxd4 Bxc5 17.Rxd5 Qb6 18.Nd2 Bxf2+ 19.Kh2 O-O 20.Ne4 Bh4 21.Rf1 Qe6 22.Qd3 Rcd8
23.Rxd8 Rxd8 24.Qc3 h6 25.a3 Rd5 26.g3 Be7 27.Rc1 Kh7 28.Qc2 Bxa3 29.Ra1 Ra5
30.Nd6 Bb4 31.Rxa5 Bxa5 32.h4 Kg8 33.Qe4 Bc3 34.Nc4 a5 35.h5 Nf8 36.Qd3 Bb4
37.Qc2 Qg4 38.Kg2 Ne6 39.Qd3  0-1

[Event "Moscow ol (Men)"]
[Site "Moscow"]
[Date "1994.??.??"]
[Round "12"]
[White "Taoubi, Nounir"]
[Black "Garcia, Raul"]
[Result "0-1"]
[WhiteElo "2160"]
[BlackElo "2280"]

1.e4 c5 2.Nf3 Nc6 3.Bb5 e6 4.O-O Nge7 5.Re1 a6 6.Bf1 d5 7.exd5 Nxd5 8.d4 cxd4
9.Nxd4 Be7 10.Nxc6 bxc6 11.a3 O-O 12.c4 Nf6 13.Qxd8 Rxd8 14.Nc3 c5 15.Bf4 Bb7
16.Rad1 Rxd1 17.Rxd1 Ne8 18.Be5 f6 19.Bf4 g5 20.Bc1 Rb8 21.g3 Kf7 22.Bg2 Bxg2
23.Kxg2 Nd6 24.Na4 Nxc4 25.Rd7 Rc8 26.Ra7 Rc6 27.Be3 Nxe3+ 28.fxe3 f5 29.Rb7 c4
30.Nc3 Kf6 31.e4 Bf8 32.exf5 exf5 33.Kf2 g4 34.Ke2 Re6+ 35.Kd2 Bh6+ 36.Kc2 Rd6
37.Ra7 Rd2+ 38.Kb1 Rxh2 39.Rxa6+ Kg5 40.a4 f4 41.gxf4+ Kxf4 42.Rf6+ Ke5 43.Rf1 g3
44.Re1+ Kf4 45.a5 Rh5 46.Ne2+ Kf3 47.Nxg3 Kxg3 48.a6 Ra5 49.Re7 Rxa6 50.Rxh7 Rc6
51.Rf7 Bf4 52.Kc2 Kf3 53.Kc3 Ke4 54.Rd7 Be5+ 55.Kc2 Rb6 56.b4 Rxb4 57.Re7 Rb2+
58.Kc1 Rh2 59.Re8 c3  0-1

[Event "Moscow ol (Women)"]
[Site "Moscow"]
[Date "1994.??.??"]
[Round "12"]
[White "Laesson, Tuulikki"]
[Black "Girkiyan Klink, Tamara"]
[Result "1/2-1/2"]
[WhiteElo "2245"]
[BlackElo "2170"]

1.e4 c5 2.Nf3 Nc6 3.Bb5 g6 4.O-O Bg7 5.Bxc6 dxc6 6.Qe2 Bg4 7.h3 Bxf3 8.Qxf3 Nf6
9.Nc3 e5 10.d3 O-O 11.Be3 Qe7 12.Qe2 Nh5 13.g3 b6 14.a3 Qe8 15.Kh2 f5 16.exf5 gxf5
17.Bg5 Qg6 18.Bh4 Rae8 19.Rg1  1/2-1/2

[Event "Moscow ol (Men)"]
[Site "Moscow"]
[Date "1994.??.??"]
[Round "12"]
[White "Ahmed, Esam Aly"]
[Black "Imanaliev, Taalaibek"]
[Result "1/2-1/2"]
[WhiteElo "2400"]
[BlackElo "2385"]

1.e4 c5 2.Nf3 Nc6 3.Bb5 d6 4.d4 cxd4 5.Nxd4 Bd7 6.O-O Nf6 7.Nc3 g6 8.Bxc6 bxc6
9.e5 dxe5 10.Nf3 e4 11.Ng5 Bg7 12.Ngxe4 Nxe4 13.Nxe4 O-O 14.Qe2 Bf5 15.Ng3 Be6
16.c3 Qb6 17.Be3 Qb5 18.Qxb5 cxb5 19.Bc5 Rfe8 20.Rfe1 a5 21.Ne2 Bc4 22.a4 e5
23.axb5 Bxb5 24.Ng3 Bd3 25.Nf1 Reb8 26.Ba3 e4 27.f3 f5 28.fxe4 fxe4 29.Nd2 Re8
30.Bc5 Rab8 31.Ra2 Rb5 32.Bd4 Bxd4+ 33.cxd4 Rf5 34.Ra3 Ref8 35.g3 Rd8 36.Nxe4 Rxd4
37.Nf2 Ba6 38.Rb3 Rf7 39.Re4 Rd2 40.Rf4 Re7 41.h4 Bb7 42.Kh2 Bd5 43.Rb8+ Kg7
44.g4 Ree2 45.Kg3 Re3+ 46.Kh2 Bf3 47.Kg3 Bxg4+ 48.Kg2 Bf5 49.Kf1 Re5 50.Rb7+ Rd7
51.Rxf5 Rxb7 52.Rxe5 Rxb2 53.Rxa5 Rb4 54.h5  1/2-1/2

[Event "Moscow ol (Men)"]
[Site "Moscow"]
[Date "1994.??.??"]
[Round "13"]
[White "Kotsur, Pavel"]
[Black "Rahman, Ziaur"]
[Result "1/2-1/2"]
[WhiteElo "2490"]
[BlackElo "2445"]

1.e4 c5 2.Nf3 Nc6 3.Bb5 d6 4.d4 cxd4 5.Qxd4 Bd7 6.Bxc6 Bxc6 7.Nc3 Nf6 8.Bg5 e6
9.O-O-O Be7 10.Qd3 O-O 11.Nd4 Rc8 12.f4 Qa5 13.Kb1 a6 14.f5 Rfe8 15.h4 Bd7
16.Rhf1 Rxc3 17.bxc3 Rc8 18.fxe6 fxe6 19.Nb3 Qb5 20.c4 Qe5 21.Qd4 Qxd4 22.Rxd4 h6
23.Bxf6 gxf6 24.c5 Bb5 25.cxd6 Bxf1 26.dxe7 Re8 27.Rd1 Bb5 28.Nd4 Bc4 29.Nb3 Rxe7
30.Na5 Bb5 31.Rd8+ Kh7 32.Rb8 Bf1 33.g3 b5 34.Rb6 Bg2 35.Nc6 Rg7 36.Nd4 Bxe4
37.Rxe6 f5 38.Re5 Rxg3 39.Nxf5 Bxf5 40.Rxf5 Kg6 41.Rc5 Rh3 42.Rc6+ Kh5 43.Rxa6 Rxh4  1/2-1/2

[Event "Moscow ol (Men)"]
[Site "Moscow"]
[Date "1994.??.??"]
[Round "13"]
[White "Michel Yunis, Christian D"]
[Black "Mossong, Hubert"]
[Result "1-0"]
[WhiteElo "2360"]
[BlackElo "2275"]

1.e4 c5 2.Nf3 Nc6 3.Bb5 g6 4.O-O Bg7 5.Bxc6 dxc6 6.d3 Nf6 7.Nbd2 O-O 8.a4 Ne8
9.a5 Bg4 10.h3 Bxf3 11.Qxf3 Nc7 12.Nc4 Ne6 13.Be3 Qc7 14.Rab1 b5 15.axb6 axb6
16.Rfd1 Ra2 17.c3 Rd8 18.Bc1 b5 19.Na3 Qb8 20.Bd2 Rd7 21.Nc2 Qd8 22.Be1 Qa5
23.e5 Qc7 24.d4 cxd4 25.Nxd4 Ra4 26.Qxc6 Bxe5 27.Qxb5 Ra5 28.Qc6 Rc5 29.Qxc7 Rcxc7
30.Kf1 Bf6 31.Rbc1 Kg7 32.c4 Nc5 33.Nb5 Nb3 34.Nxc7 Rxc7 35.Rc2 e5 36.Rd3 Rb7
37.f3 Be7 38.Bf2 Bc5 39.Rd1 f6 40.Re2 Ra7 41.g4 Ra4 42.Rc2 g5 43.Be1 Ra8
44.Ke2 Kg6 45.Kd3 Rb8 46.Re2 Rb6 47.Kc2 Kg7 48.Rd3 Na1+ 49.Kb1 Nb3 50.Rc2 Be7
51.Ka2 Nc5 52.Ra3 Ne6 53.Ra7 Kf7 54.Rc3 Nc5 55.Bd2 Ne6 56.Be3 e4 57.Rxe7+  1-0

[Event "Muenster op"]
[Site "Muenster"]
[Date "1994.??.??"]
[Round "4"]
[White "Zagema, Wieb"]
[Black "Medunova, Vera"]
[Result "1-0"]
[WhiteElo "2355"]
[BlackElo "2130"]

1.e4 c5 2.Nf3 Nc6 3.Bb5 g6 4.O-O Bg7 5.c3 Nf6 6.e5 Nd5 7.d4 cxd4 8.cxd4 O-O
9.Nc3 Nc7 10.Bg5 d6 11.Bxc6 bxc6 12.Qa4 Ba6 13.Rfe1 Bb5 14.Nxb5 cxb5 15.Qa3 Ne6
16.Bh4 Re8 17.d5 Nc5 18.Nd4 b4 19.Qe3 dxe5 20.Nc6 Qd6 21.a3 e4 22.axb4 Nd3
23.Rf1 f5 24.Rxa7 Rxa7 25.Qxa7 Nxb4 26.Nxe7+ Kf8 27.Rc1 Nxd5 28.Nxd5 Qxd5
29.b4 Qd2 30.Qc5+ Kg8 31.h3 Bd4 32.Qc6 Rf8 33.Qc4+ Kg7 34.Kh1 e3 35.fxe3 Qxe3
36.Rd1 Bf6 37.Rd7+ Kh6 38.Bxf6 Rxf6 39.Qh4+  1-0

[Event "Nagykanizsa op"]
[Site "Nagykanizsa"]
[Date "1994.??.??"]
[Round "?"]
[White "Chernyshov, Konstantin"]
[Black "Kopjonkin, Gennady"]
[Result "1/2-1/2"]
[WhiteElo "2480"]
[BlackElo "2390"]

1.e4 c5 2.Nf3 Nc6 3.Bb5 g6 4.O-O Bg7 5.Re1 a6 6.Bxc6 dxc6 7.d3 Nf6 8.Nc3 O-O
9.Be3 b6 10.h3 Ne8 11.Qd2 Nc7 12.Bh6 Nb5 13.Bxg7 Kxg7 14.Ne2 f6 15.e5 Ra7
16.a4 Nd4 17.Nexd4 cxd4 18.a5 c5 19.axb6 Qxb6 20.Qa5 Qc6 21.Ra4 Bxh3 22.Rc4 Bxg2
23.Kxg2 fxe5 24.Re4 Qf6 25.Nh2 Qxf2+ 26.Kh1 Rf5 27.Qe1 Qxe1+ 28.Rxe1 Rb7
29.b3 h5 30.Kg2 e6 31.Re2 Kf7 32.Rxc5 e4 33.Rxf5+ exf5 34.dxe4 fxe4 35.Rxe4 Rc7
36.Re2 Rc3 37.Rd2 d3 38.Rxd3 Rxc2+ 39.Kg3 a5 40.Nf3 Ra2 41.Rd4 Ra3 42.Nd2 Kf6
43.Kf4 g5+ 44.Ke4 h4 45.Rd6+ Kf7 46.Rh6 a4 47.b4 Ra2 48.Nf3  1/2-1/2

[Event "Neuwied op"]
[Site "Neuwied"]
[Date "1994.??.??"]
[Round "?"]
[White "Maljutin, Evgeni"]
[Black "Anka, Emil"]
[Result "0-1"]
[WhiteElo "2495"]
[BlackElo "2390"]

1.e4 c5 2.Nf3 Nc6 3.Bb5 g6 4.O-O Bg7 5.Re1 Nf6 6.e5 Nd5 7.Nc3 Nc7 8.Bxc6 dxc6
9.Ne4 Ne6 10.d3 b6 11.Be3 O-O 12.Qd2 Nd4 13.Nxd4 cxd4 14.Bh6 Be6 15.h4 Qd7
16.h5 Bd5 17.Bxg7 Kxg7 18.Qg5 h6 19.Qg3 Qf5 20.Qh4 Qe6 21.f4 Rg8 22.Re2 c5
23.b3 Bxe4 24.Rxe4 Kh7 25.Rf1 Raf8 26.Qh2 Qf5 27.Rf3 Rg7 28.hxg6+ Rxg6 29.Rg3 Rfg8
30.Rxg6 Rxg6 31.Qh4 e6 32.Qf2 Rg4 33.Qf3 h5 34.Kf2 h4 35.Ke1 Rg3 36.Qf2 Kg6
37.Kd2 Qg4 38.Re2 Kf5 39.Kd1 Qxf4 40.Qg1 Kg6 41.Re4 Qg5  0-1